Normal view
MARC view
Entry Personal Name
001 - CONTROL NUMBER
- control field: 9659
003 - CONTROL NUMBER IDENTIFIER
- control field: ARRUPE
005 - DATE AND TIME OF LATEST TRANSACTION
- control field: 20140402112554.0
008 - FIXED-LENGTH DATA ELEMENTS
- fixed length control field: 140402|| aca||aabn | a|a d
040 ## - CATALOGING SOURCE
- Original cataloging agency: ARRUPE
- Transcribing agency: ARRUPE
100 ## - HEADING--PERSONAL NAME
- Personal name: Goldberg family.
670 ## - SOURCE DATA FOUND
- Source citation: Work cat.: (ARRUPE)0: Arnold, W. E. (William Edward) 9657, The Goldbergs of Leigh Ranch /, 1980.